The Joker and The Queen– by Ed Sheeran, Feat. Taylor Swift (Lyrics) - Statistics

General Stats
  • This quiz has been taken 163 times
  • The average score is 147 of 192
Answer Stats
Answer % Correct
a
99%
A
99%
And
98%
and
98%
(and
98%
The
98%
the
98%
joker
97%
queen
97%
I
96%
you
92%
to
89%
was
88%
me
87%
know?
86%
know
86%
be?
85%
in
85%
How
82%
then
80%
When
80%
my
78%
king
76%
That
76%
that
76%
who
76%
see
75%
ring
74%
best
73%
for
73%
diamond
71%
fall
71%
could
70%
thousand
70%
It's
69%
we
69%
together
68%
crazy
67%
give
65%
is
65%
kings
65%
thing
65%
meant
64%
win
64%
let
63%
say
63%
hand
62%
us
62%
would
62%
showed
61%
what
61%
all
59%
But
59%
(but
59%
still
59%
this
57%
Brought
56%
hearts
55%
saw
55%
broken
54%
If
54%
fold,
52%
gold
52%
I've
52%
played
52%
cards
51%
been
50%
before
50%
rings
50%
So
50%
think
50%
makes
49%
palace
47%
close
46%
hadn't
46%
called
45%
road
45%
through
45%
guessed
44%
bluff
43%
bluff)
43%
went
42%
vest
39%
kept
38%
tells
38%
tells)
38%
left
37%
foolproof
34%
folded,
18%
No matching quizzes found
Score Distribution
Percent of People with Each Score
Percentile by Number Answered
Your Score History
You have not taken this quiz